[Event "Match"]
[Site "www.echecsemail.com"]
[Date "2015.12.15"]
[Round "1"]
[White "Chtoubidou"]
[Black "Silent1"]
[WhiteElo "1920"]
[BlackElo "1830"]
[Result "1-0"]
[Round "1"]
1.d4 d5
2.Ng1f3 e6
3.Bc1f4 Bf8d6
4.e3 Bd6xf4
5.exf4 Ng8f6
6.Nb1d2 O-O
7.Bf1d3 h6
8.O-O a6
9.b3 Nb8d7
10.c4 c6
11.Rf1e1 dxc4
12.Nd2xc4 Nf6d5
13.g3 Nd7b6
14.Bd3c2 Nb6xc4
15.bxc4 Nd5b4
16.a3 Nb4xc2
17.Qd1xc2 b5
18.Nf3e5 Bc8b7
19.Re1d1 Qd8c8
20.a4 Rf8d8
21.c5 Rd8d5
22.axb5 cxb5
23.Ra1c1 Rd5d8
24.c6 Bb7xc6
25.Qc2xc6 Qc8xc6
26.Rc1xc6 Rd8d5
27.Rc6c5 Rd5xc5
28.dxc5 Kf8
29.Ne5c6 Ke8
30.Nc6a5 Ra8c8
31.c6 g6
32.Kg2 Rc8c7
33.Kf3 Ke7
34.g4 f6
35.h4 e5
36.fxe5 fxe5
37.Ke4 h5
38.gxh5 gxh5
39.Kxe5 Ke8
40.f4 Rc7e7
41.Kd6 Re7f7
42.c7 { resign }
1-0

[Event "Match"]
[Site "www.echecsemail.com"]
[Date "2015.12.15"]
[Round "1"]
[White "Cal"]
[Black "Tomcapp"]
[WhiteElo "1299"]
[BlackElo "1570"]
[Result "1-0"]
[Round "1"]
1.Nb1c3 Ng8f6
2.e4 d6
3.h3 e5
4.Ng1f3 Nb8c6
5.a3 Bc8e6
6.Bf1b5 Bf8e7
7.d3 a6
8.Bb5a4 b5
9.Ba4b3 Nc6d4
10.Bb3xe6 Nd4xe6
11.O-O Ne6f4
12.Bc1xf4 exf4
13.b4 O-O
14.d4 c5
15.bxc5 dxc5
16.d5 c4
17.e5 Nf6d7
18.d6 Be7h4
19.Qd1d5 Nd7b6
20.Qd5e4 Nb6d7
21.Qe4xf4 Nd7c5
22.Qf4g4 g6
23.Nf3xh4 g5
24.f4 h6
25.Nh4f5 Nc5e4
26.Nf5xh6 Kh7
27.Qg4h5 Qd8f6
28.exf6 Ne4g3
29.Qh5xg5 Ng3xf1
30.Qg5g7 
1-0

[Event "1/64 Finale"]
[Site "www.chess-mail.com"]
[Date "2015.12.15"]
[Round "1"]
[White "Relaxmax"]
[Black "Genius7"]
[WhiteElo "1979"]
[BlackElo "1730"]
[Result "0-1"]
[Round "1"]
1.e4 c5
2.c3 d6
3.d4 cxd4
4.cxd4 Ng8f6
5.Nb1c3 a6
6.Ng1f3 g6
7.h3 Bf8g7
8.Bc1e3 O-O
9.a3 Nb8d7
10.Bf1c4 b5
11.Bc4b3 Bc8b7
12.Qd1d3 e5
13.Ra1d1 Qd8e7
14.dxe5 dxe5
15.Qd3b1 Nd7c5
 { time }
0-1

[Event "1/128 Finale"]
[Site "www.chess-mail.com"]
[Date "2015.12.15"]
[Round "1"]
[White "Mitja"]
[Black "Piekki"]
[WhiteElo "1910"]
[BlackElo "1770"]
[Result "0-1"]
[Round "1"]
1.d4 Ng8f6
2.e3 g6
3.Ng1f3 Bf8g7
4.a3 O-O
5.Bf1c4 d5
6.Bc4b3 Bc8g4
7.h3 Bg4xf3
8.Qd1xf3 e6
9.Bb3a2 c6
10.O-O Nb8d7
11.c3 e5
12.dxe5 Nd7xe5
13.Qf3e2 Nf6e4
14.Nb1d2 f5
15.Nd2xe4 fxe4
16.c4 Rf8f3
17.Rf1d1 Rf3xh3
18.gxh3 Ne5f3
19.Kf1 Qd8h4
20.Qe2c2 Ra8f8
21.Ke2 Nf3d4
{ resign }
0-1

[Event "Fast Game"]
[Site "www.echecsemail.com"]
[Date "2015.12.15"]
[Round "1"]
[White "Tonino1"]
[Black "Attatroll"]
[WhiteElo "1900"]
[BlackElo "1740"]
[Result "1-0"]
[Round "1"]
1.d4 e5
2.dxe5 Nb8c6
3.Ng1f3 Qd8e7
4.e3 Nc6xe5
5.Nf3xe5 Qe7xe5
6.Bf1d3 Ng8f6
7.Nb1d2 Bf8c5
8.Nd2f3 Qe5h5
9.O-O O-O
10.b3 d6
11.Bc1b2 Bc8g4
12.Bd3e2 Nf6e4
13.h3 Bg4e6
14.Nf3d4 Qh5g5
15.f4 Qg5g3
16.Rf1f3 Qg3g6
17.f5 Be6xf5
18.Nd4xf5 Ne4g5
19.Nf5e7 { resign }
1-0

[Event "Tourn. n8434"]
[Site "www.chess-mail.com"]
[Date "2015.12.16"]
[Round "1"]
[White "Odin"]
[Black "Cardiff"]
[WhiteElo "1850"]
[BlackElo "1800"]
[Result "0-1"]
[Round "1"]
1.b4 c6
2.Bc1b2 Qd8b6
3.a3 a5
4.c3 axb4
5.cxb4 d5
6.Ng1f3 Ng8f6
7.e3 Bc8f5
8.Nf3d4 Bf5g6
9.Nb1c3 e6
10.Nc3a4 Qb6d8
11.Na4c5 b6
12.Nc5b3 Bf8e7
13.Bf1e2 O-O
14.h3 c5
15.bxc5 bxc5
16.Nd4f3 Nb8d7
17.Nf3h4 Ra8b8
18.Nh4xg6 hxg6
19.O-O c4
20.Bb2xf6 Be7xf6
21.Nb3d4 Bf6xd4
22.exd4 Qd8f6
23.Qd1a4 Nd7b6
24.Qa4a7 Qf6xd4
25.Rf1d1 e5
26.Be2f3 Rb8a8
27.Qa7b7 Ra8b8
28.Qb7e7 e4
29.Bf3e2 Rf8e8
30.Qe7h4 Qd4f6
31.Qh4g3 Qf6e5
32.Qg3h2 Qe5xh2
33.Kxh2 Nb6a4
34.f3 f5
35.fxe4 fxe4
36.Rd1f1 Re8f8
37.Rf1b1 Na4c5
38.Rb1b4 Nc5b3
39.Ra1b1 Rb8xb4
40.axb4 Nb3xd2
41.Rb1b2 c3
42.Rb2c2 d4
43.Be2g4 Rf8b8
44.Bg4e6 Kf8
45.Rc2a2 d3
46.Ra2a3 c2
47.Ra3c3 Rb8xb4
48.Be6d5 Nd2b3
49.Rc3c8 Ke7
50.Rc8c6 c1Q
51.Rc6e6 Kd7
{ resign }
0-1

[Event "Tourn. n8498"]
[Site "www.chess-mail.com"]
[Date "2015.12.16"]
[Round "1"]
[White "Expert"]
[Black "Luban"]
[WhiteElo "1840"]
[BlackElo "2030"]
[Result "1-0"]
[Round "1"]
1.c4 e6
2.d4 d5
3.cxd5 Qd8xd5
4.Nb1c3 Bf8b4
5.Ng1f3 Ng8f6
6.Bc1d2 Bb4xc3
7.Bd2xc3 O-O
8.e3 c5
9.dxc5 Qd5xc5
10.Bf1e2 Nb8c6
11.O-O b6
12.Ra1c1 Qc5d5
13.Bc3xf6 { resign }
1-0

[Event "Tourn. n8460"]
[Site "www.chess-mail.com"]
[Date "2015.12.16"]
[Round "1"]
[White "Roque1"]
[Black "Passaroa25"]
[WhiteElo "1520"]
[BlackElo "1650"]
[Result "1-0"]
[Round "1"]
1.e4 c6
2.d4 d6
3.Ng1f3 f6
4.Bf1c4 e6
5.Nb1c3 Ng8e7
6.O-O Ne7g6
7.Bc1f4 Ng6xf4
8.Qd1d2 Nf4g6
9.Ra1e1 Ng6e7
10.Re1e3 Ne7g6
11.d5 Bc8d7
12.dxe6 Bd7c8
13.e5 d5
14.Rf1d1 Bc8xe6
15.Nc3e4 Nb8d7
16.Bc4b3 Be6f7
17.Ne4d6 Bf8xd6
18.exd6 Ng6e5
19.Nf3xe5 Nd7xe5
20.f4 Bf7h5
21.fxe5 Bh5xd1
22.exf6 Kf7
23.Re3e7 Kxf6
24.Qd2f4 Kg6
25.Qf4g3 Kh6
26.Qg3xg7 Kh5
27.Re7e5 Kh4
28.Qg7g3 
1-0

[Event "Tourn. n8519"]
[Site "www.chess-mail.com"]
[Date "2015.12.16"]
[Round "1"]
[White "Louis"]
[Black "Caspito"]
[WhiteElo "1850"]
[BlackElo "1800"]
[Result "1-0"]
[Round "1"]
1.e4 e5
2.Ng1f3 Nb8c6
3.d4 exd4
4.Nf3xd4 Bf8c5
5.Bc1e3 b6
6.Nd4xc6 dxc6
7.Qd1xd8 Kxd8
8.Be3xc5 bxc5
9.Nb1c3 Ng8f6
10.O-O-O Nf6d7
11.e5 Ke7
12.f4 Rh8e8
13.g3 Kf8
14.Bf1g2 Nd7b8
15.Nc3a4 c4
16.Rd1d4 Bc8a6
17.Na4c5 Ba6b5
18.a4 Bb5xa4
19.Nc5xa4 g6
20.Rd4xc4 Re8e6
21.Rh1d1 a5
22.Rd1d8 Kg7
23.Na4c5 Re6e7
24.Bg2xc6 { resign }
1-0

[Event "Tourn. n8447"]
[Site "www.chess-mail.com"]
[Date "2015.12.16"]
[Round "1"]
[White "Chiccogianca"]
[Black "Naujzaid"]
[WhiteElo "2050"]
[BlackElo "1900"]
[Result "0-1"]
[Round "1"]
1.b3 d5
2.Bc1b2 e6
3.g3 Ng8f6
4.Bf1g2 Bf8e7
5.e3 O-O
6.d3 c5
7.Ng1e2 Nb8c6
8.Nb1d2 b6
9.O-O Bc8b7
10.a3 Qd8c7
11.h3 Ra8d8
12.f4 Rf8e8
13.Nd2f3 Be7d6
14.Qd1d2 e5
15.fxe5 Nc6xe5
16.Nf3xe5 Bd6xe5
17.Bb2xe5 Qc7xe5
18.Ra1e1 Qe5xe3
19.Qd2xe3 Re8xe3
20.Kf2 Rd8e8
21.Ne2g1 Re3xe1
22.Rf1xe1 Re8xe1
23.Kxe1 Kf8
24.Kf2 Ke7
25.c4 Kd6
26.g4 h6
27.b4 cxb4
28.axb4 a5
29.bxa5 bxa5
30.Ng1e2 a4
31.Ne2c1 a3
32.Ke2 Bb7a6
33.cxd5 Nf6xd5
34.Bg2xd5 Kxd5
35.Ke3 g6
36.h4 f6
37.Nc1a2 Ba6c8
38.Na2c3 Kc5
39.Nc3e4 Kb4
40.Ne4xf6 a2
41.Kf4 a1Q
42.Nf6g8 Qa1d4
43.Kf3 Qd4d5
{ resign }
0-1

[Event "Tourn. n8452"]
[Site "www.chess-mail.com"]
[Date "2015.12.16"]
[Round "1"]
[White "Maredocla"]
[Black "Norlavuaram"]
[WhiteElo "2010"]
[BlackElo "2230"]
[Result "0-1"]
[Round "1"]
1.g3 g6
2.Bf1g2 Bf8g7
3.d3 Ng8f6
4.Nb1d2 O-O
5.e3 c5
6.c3 Nb8c6
7.Ng1e2 d5
8.c4 e5
9.cxd5 Nf6xd5
10.a3 Bc8e6
11.Nd2e4 b6
12.O-O h6
13.Ne4c3 Ra8c8
14.Bc1d2 Kh7
15.Qd1c1 Nc6d4
16.exd4 exd4
17.Nc3xd5 Be6xd5
18.Bg2xd5 Qd8xd5
19.Ne2f4 Qd5f5
20.Qc1c2 g5
21.Nf4g2 Rc8e8
22.b4 Re8e2
23.Ra1d1 Rf8e8
24.f4 g4
25.Rf1f2 Qf5d5
26.Qc2c4 Qd5b7
27.bxc5 Re2xf2
28.c6 Rf2xg2
29.Kxg2 Qb7c7
30.Qc4d5 Re8e6
31.Qd5f5 Re6g6
32.Rd1c1 Kg8
33.Qf5e4 Rg6e6
34.Qe4f5 Re6xc6
35.Rc1xc6 Qc7xc6
36.Kg1 Qc6e6
37.Qf5xe6 fxe6
38.a4 Bg7f8
39.h3 h5
40.h4 Kf7
41.Kf1 Kf6
42.Ke2 Bf8d6
43.Bd2c1 Kf5
44.Bc1b2 e5
45.fxe5 Bd6xe5
46.Kf2 a6
47.Bb2a3 Ke6
48.Ba3b4 Be5d6
49.Bb4d2 Kd5
50.Bd2c1 Bd6b4
51.Bc1b2 b5
52.axb5 axb5
53.Ke2 Bb4c3
54.Bb2a3 b4
55.Ba3c1 b3
56.Bc1a3 b2
57.Ba3xb2 Bc3xb2
58.Kd2 Bb2c3
59.Kc2 Bc3e1
{ resign }
0-1

[Event "Tourn. n8524"]
[Site "www.chess-mail.com"]
[Date "2015.12.16"]
[Round "1"]
[White "Yangqi"]
[Black "Cathar"]
[WhiteElo "2610"]
[BlackElo "2310"]
[Result "1-0"]
[Round "1"]
1.e4 e5
2.d4 exd4
3.Qd1xd4 Nb8c6
4.Qd4e3 Ng8f6
5.Nb1c3 Bf8e7
6.Bf1c4 O-O
7.Bc1d2 Nf6g4
8.Qe3e2 d5
9.Nc3xd5 Be7c5
10.Bd2e3 Ng4xe3
11.Nd5xe3 Qd8d4
12.Ng1f3 Qd4xb2
13.O-O Nc6d4
14.Nf3xd4 Qb2xd4
15.Ra1d1 Qd4xe4
16.Qe2h5 Bc5xe3
17.Qh5xf7 Rf8xf7
18.Rd1d8 { resign }
1-0

[Event "Tourn. n8429"]
[Site "www.chess-mail.com"]
[Date "2015.12.16"]
[Round "1"]
[White "Libiesse"]
[Black "Andychesston"]
[WhiteElo "2070"]
[BlackElo "2030"]
[Result "1-0"]
[Round "1"]
1.d4 d5
2.c4 Ng8f6
3.cxd5 Nf6xd5
4.e4 Nd5f6
5.Bf1d3 Nb8c6
6.Ng1e2 Bc8g4
7.f3 Bg4h5
8.Qd1a4 Nf6d7
9.O-O e6
10.Bc1e3 Nd7b6
11.Qa4c2 Bf8e7
12.Nb1c3 Nc6b4
13.Qc2d2 O-O
14.Bd3b1 Nb6c4
15.Qd2c1 b6
16.Be3f4 c6
17.a3 Nb4a6
18.Bb1a2 Nc4a5
19.b4 Na5b7
20.Ba2c4 b5
21.Bc4b3 Qd8d7
22.Rf1d1 Ra8d8
23.Ra1a2 Na6c7
24.d5 c5
25.d6 Be7xd6
26.e5 c4
27.Bb3c2 Nc7d5
28.Nc3xd5 exd5
29.exd6 Nb7xd6
30.Ne2g3 Bh5g6
31.Bc2xg6 fxg6
32.Bf4xd6 Qd7xd6
33.Ng3e4 Qd6e5
34.Ne4c5 Rf8f6
35.Rd1e1 Qe5h5
36.Ra2e2 Qh5f5
37.Re2e7 h5
38.Nc5e6 Rd8d6
39.Re7xg7 Kh8
40.Qc1h6 
1-0

[Event "Tourn. n8517"]
[Site "www.chess-mail.com"]
[Date "2015.12.16"]
[Round "1"]
[White "Cathar"]
[Black "Faerieking"]
[WhiteElo "2310"]
[BlackElo "2260"]
[Result "0-1"]
[Round "1"]
1.d4 d5
2.Ng1f3 Ng8f6
3.c4 c6
4.e3 Bc8f5
5.Nb1c3 e6
6.Nf3h4 Bf5e4
7.f3 Be4g6
8.Qd1b3 Qd8b6
9.Nh4xg6 Qb6xb3
10.axb3 hxg6
11.Bc1d2 Bf8b4
12.Bf1d3 dxc4
13.bxc4 Nb8d7
14.O-O-O O-O-O
15.c5 Nd7xc5
{ resign }
0-1

[Event "Tourn. n8487"]
[Site "www.chess-mail.com"]
[Date "2015.12.16"]
[Round "1"]
[White "Expert"]
[Black "Estonia"]
[WhiteElo "1840"]
[BlackElo "1990"]
[Result "1/2-1/2"]
[Round "1"]
1.c4 c5
2.Nb1c3 Nb8c6
3.Ng1f3 Ng8f6
4.d4 cxd4
5.Nf3xd4 e5
6.Nd4c2 Bf8e7
7.e4 d6
8.Bf1e2 Bc8e6
9.b3 a6
10.O-O Nf6g8
11.Nc3d5 Ng8f6
12.Nd5xf6 Be7xf6
13.Bc1a3 Bf6e7
14.Kh1 O-O
15.Qd1d2 Qd8c7
16.Nc2b4 a5
17.Nb4xc6 bxc6
18.Ra1d1 Rf8d8
19.Qd2c3 { draw }
1/2-1/2

[Event "Tourn. n8486"]
[Site "www.chess-mail.com"]
[Date "2015.12.16"]
[Round "1"]
[White "Norlavuaram"]
[Black "Panham"]
[WhiteElo "2280"]
[BlackElo "2190"]
[Result "1-0"]
[Round "1"]
1.e4 e5
2.Ng1f3 Nb8c6
3.Bf1b5 a6
4.Bb5a4 Ng8f6
5.O-O b5
6.Ba4b3 Bc8b7
7.Rf1e1 d6
8.c3 Nc6a5
9.Bb3c2 c5
10.d4 cxd4
11.cxd4 Bf8e7
12.dxe5 dxe5
13.Nb1c3 Qd8c7
14.Nc3d5 Nf6xd5
15.exd5 Ra8d8
16.Re1xe5 O-O
17.Bc1f4 Be7d6
18.Re5h5 g6
19.Bf4xd6 Qc7xd6
20.Qd1d3 Na5c4
21.Ra1b1 Bb7xd5
22.Rh5h3 Qd6f4
23.Rh3h4 Qf4f6
24.Qd3d4 Qf6e7
25.Qd4f4 Bd5xf3
26.gxf3 Qe7e5
27.Qf4xe5 Nc4xe5
28.Kg2 Rd8d2
29.Bc2e4 f5
30.Be4b7 a5
31.a4 b4
32.Rb1e1 Ne5d3
33.Re1e7 h5
34.Rh4c4 Nd3xf2
35.Rc4c7 Nf2e4
36.Kf1 Ne4g5
37.h4 Ng5f7
38.b3 Kg7
39.Bb7a6 Kf6
40.Ba6c4 Nf7d6
41.Re7e6 
1-0

[Event "Tourn. n8500"]
[Site "www.chess-mail.com"]
[Date "2015.12.16"]
[Round "1"]
[White "Llcervello"]
[Black "Caspito"]
[WhiteElo "1680"]
[BlackElo "1770"]
[Result "0-1"]
[Round "1"]
1.e4 e5
2.Ng1f3 Nb8c6
3.c3 Ng8f6
4.d3 d5
5.Qd1e2 Bc8g4
6.Bc1g5 d4
7.Bg5xf6 Qd8xf6
8.c4 Bf8b4
9.Kd1 Qf6h6
10.a3 Bb4d6
11.h3 Bg4xf3
12.Qe2xf3 Nc6a5
13.Nb1d2 c5
14.g4 O-O
15.h4 Qh6e6
16.Bf1h3 Qe6d7
17.b3 Qd7c6
18.Qf3f5 Ra8d8
19.Rh1g1 Bd6c7
20.g5 Qc6g6
21.Qf5f3 Qg6c6
22.h5 Rd8d6
23.b4 Qc6a4
24.Ke2 Na5b3
25.Nd2xb3 Qa4xb3
26.Rg1c1 Bc7d8
27.Rc1b1 Qb3c2
28.Kf1 Bd8xg5
29.Qf3g3 Rd6f6
30.f3 Qc2xd3
31.Kg2 h6
32.Bh3g4 Qd3xc4
33.Qg3xe5 Qc4e2
34.Kg3 Bg5f4
35.Qe5xf4 Rf6xf4
36.Kxf4 Qe2h2
37.Kf5 g6
38.hxg6 fxg6
39.Kxg6 Qh2f4
40.Bg4e6 Kh8
41.Rb1g1 Rf8f6
42.Kh5 Rf6xe6
43.Rg1g4 Qf4xf3
44.Ra1g1 Qf3h3
45.Rg4h4 Re6e5
46.Rg1g5 Re5xg5
47.Kxh6 Qh3xh4
{ resign }
0-1

[Event "Tourn. n8482"]
[Site "www.chess-mail.com"]
[Date "2015.12.16"]
[Round "1"]
[White "Luban"]
[Black "Robert66"]
[WhiteElo "2010"]
[BlackElo "1920"]
[Result "0-1"]
[Round "1"]
1.d4 d5
2.Ng1f3 Ng8f6
3.h3 Nb8c6
4.e3 e6
5.a3 Bf8d6
6.c4 O-O
7.Nb1c3 b6
8.Bf1d3 Bc8b7
9.O-O a6
10.cxd5 Nf6xd5
11.e4 Nd5xc3
12.bxc3 Nc6a5
13.Bc1b2 c5
14.e5 Bd6e7
15.Rf1e1 Qd8d5
16.c4 Na5xc4
17.Bd3e4 Qd5d7
18.Be4xh7 Kxh7
19.Qd1c2 g6
20.Qc2xc4 Bb7xf3
21.gxf3 cxd4
22.Qc4xd4 Qd7xd4
23.Bb2xd4 b5
24.a4 b4
25.Re1e4 Rf8c8
26.Bd4b6 Ra8b8
27.a5 Be7c5
28.Bb6xc5 Rc8xc5
29.f4 b3
30.Re4e1 b2
{ resign }
0-1

[Event "Tourn. n8486"]
[Site "www.chess-mail.com"]
[Date "2015.12.16"]
[Round "1"]
[White "Wwgia"]
[Black "Panham"]
[WhiteElo "2230"]
[BlackElo "2190"]
[Result "0-1"]
[Round "1"]
1.d4 d5
2.c4 c6
3.Nb1c3 e6
4.Ng1f3 Ng8f6
5.Bc1g5 Nb8d7
6.e3 Qd8a5
7.cxd5 Nf6xd5
8.Qd1d2 Bf8b4
9.Ra1c1 Nd7f6
10.Bf1e2 Nf6e4
11.Qd2c2 Bb4xc3
12.bxc3 Ne4xg5
13.Nf3xg5 Nd5xe3
14.fxe3 Qa5xg5
15.Qc2e4 O-O
16.Be2d3 f5
17.Qe4f3 e5
18.dxe5 f4
19.O-O Qg5xe5
20.exf4 Qe5c5
21.Kh1 Bc8e6
22.f5 Be6xa2
{ resign }
0-1

[Event "Tourn. n8428"]
[Site "www.chess-mail.com"]
[Date "2015.12.16"]
[Round "1"]
[White "Julian"]
[Black "Cardiff"]
[WhiteElo "1770"]
[BlackElo "1780"]
[Result "0-1"]
[Round "1"]
1.e4 d6
2.d4 g6
3.f4 Bf8g7
4.Ng1f3 Ng8f6
5.Bf1d3 O-O
6.O-O c5
7.e5 Nf6d5
8.c4 Nd5b4
9.Bd3e4 cxd4
10.Qd1xd4 Nb8c6
11.Qd4f2 dxe5
12.fxe5 Nc6xe5
13.Nb1c3 Ne5xf3
14.Be4xf3 Nb4d3
15.Qf2c2 Nd3xc1
16.Ra1xc1 e5
17.Nc3e4 f5
18.Ne4g3 e4
19.Bf3e2 Qd8b6
20.Kh1 Bc8e6
21.c5 Qb6xb2
22.Be2c4 Be6xc4
23.Qc2xc4 Kh8
24.Rc1b1 Qb2d4
25.Qc4e2 Qd4xc5
26.Rf1c1 Qc5d5
27.Rc1c7 b6
28.Rb1c1 Qd5e5
29.Ng3f1 Qe5e6
30.Nf1e3 Ra8c8
31.Rc7xc8 Rf8xc8
32.Rc1xc8 Qe6xc8
33.g4 f4
34.Ne3d5 f3
35.Qe2f2 Qc8c5
{ resign }
0-1

[Event "Tourn. n8476"]
[Site "www.chess-mail.com"]
[Date "2015.12.16"]
[Round "1"]
[White "Iko"]
[Black "Dulap"]
[WhiteElo "1720"]
[BlackElo "1730"]
[Result "0-1"]
[Round "1"]
1.e4 e5
2.Ng1f3 Nb8c6
3.d4 exd4
4.Nf3xd4 Bf8c5
5.c3 Ng8f6
6.Bc1g5 O-O
7.b4 Bc5e7
8.Nd4f5 Rf8e8
9.Bg5xf6 Be7xf6
10.Bf1d3 Nc6xb4
11.O-O Nb4xd3
12.Qd1xd3 d5
13.Rf1d1 Bc8xf5
14.exf5 d4
15.cxd4 Bf6xd4
16.Nb1c3 c5
17.Ra1c1 Qd8a5
18.Qd3g3 Ra8d8
19.h4 Bd4xc3
20.Rd1xd8 Re8xd8
21.Qg3xc3 Qa5xc3
22.Rc1xc3 b6
23.Rc3a3 a5
24.Ra3b3 Rd8b8
25.Kf1 Kf8
26.Ke2 b5
27.a4 b4
28.Kd3 Rb8c8
29.Kc4 Ke7
30.Kb5 c4
31.Rb3e3 Kf6
32.g4 c3
33.Re3e1 c2
34.Re1c1 b3
35.Kxa5 b2
36.g5 Kxf5
37.Rc1e1 b1Q
38.Re1xb1 cxb1Q
39.f4 Rc8a8

0-1

[Event "Tourn. n8436"]
[Site "www.chess-mail.com"]
[Date "2015.12.16"]
[Round "1"]
[White "Jpjohnston"]
[Black "Norlavuaram"]
[WhiteElo "2050"]
[BlackElo "2200"]
[Result "1/2-1/2"]
[Round "1"]
1.g3 Ng8f6
2.Bf1g2 g6
3.d4 Bf8g7
4.Bc1g5 O-O
5.Bg5xf6 Bg7xf6
6.Ng1f3 d5
7.O-O c6
8.Nb1c3 Bc8g4
9.Nf3d2 Nb8d7
10.Nd2b3 e5
11.f3 Bg4e6
12.e3 Qd8c7
13.Nc3e2 Bf6g7
14.c3 f5
15.dxe5 Qc7xe5
16.Qd1d4 b6
17.f4 Qe5d6
18.Qd4d3 c5
19.c4 Nd7f6
20.Ne2c3 Ra8d8
21.Ra1d1 Nf6e4
22.cxd5 Bg7xc3
23.bxc3 Qd6xd5
24.Qd3xd5 Be6xd5
25.Bg2xe4 Bd5xe4
26.Rd1d2 Kf7
27.Kf2 Ke7
28.Rf1d1 Rd8xd2
29.Rd1xd2 Rf8d8
30.Rd2xd8 Kxd8
31.Nb3d2 Be4d5
32.a3 Kd7
33.c4 Bd5c6
34.Ke2 Kd6
35.Kd3 a6
36.e4 fxe4
37.Nd2xe4 Ke7
38.g4 h6
39.h4 Ke6
40.Ne4c3 Bc6f3
41.g5 hxg5
42.fxg5 Bf3c6
43.Nc3d1 Kf5
44.Nd1e3 Kf4
45.Kd2 Kg3
46.h5 gxh5
47.g6 Bc6e4
48.g7 Be4h7
49.Ne3d5 Bh7g8
50.Nd5f6 Bg8xc4
51.Nf6xh5 Kf3
52.Kc3 b5
53.Nh5f6 Bc4f7
54.g8Q Bf7xg8
55.Nf6xg8 { draw }
1/2-1/2

[Event "Match"]
[Site "www.echecsemail.com"]
[Date "2015.12.16"]
[Round "1"]
[White "Sonjabk"]
[Black "George1955"]
[WhiteElo "1499"]
[BlackElo "2720"]
[Result "0-1"]
[Round "1"]
1.e3 e5
2.b3 d5
3.d4 Bf8d6
4.dxe5 Bd6xe5
5.c3 Ng8e7
6.Ng1f3 Be5f6
7.Bf1d3 Nb8c6
8.Bc1b2 Nc6b4
9.Bd3e2 Bc8f5
10.Nb1a3 Nb4c6
11.O-O a6
 { time }
0-1

[Event "Match"]
[Site "www.echecsemail.com"]
[Date "2015.12.16"]
[Round "1"]
[White "Manolinex"]
[Black "Nimzo"]
[WhiteElo "2840"]
[BlackElo "2800"]
[Result "1/2-1/2"]
[Round "1"]
1.g3 d5
2.Ng1f3 Ng8f6
3.Bf1g2 c6
4.b3 Bc8g4
5.Bc1b2 Nb8d7
6.c4 e6
7.d3 Bf8d6
8.O-O O-O
9.Nb1d2 Rf8e8
10.Qd1c2 e5
11.h3 Bg4h5
12.e3 a5
13.a3 Bh5g6
14.Nf3h4 Qd8e7
15.Rf1c1 Qe7e6
16.Nh4xg6 hxg6
17.Nd2f3 Qe6e7
18.Nf3g5 b5
19.cxd5 cxd5
20.h4 Ra8b8
21.Qc2d1 Rb8b6
22.Ra1a2 Re8a8
23.Bg2f1 Nd7f8
24.Ra2a1 Nf8d7
25.Kg2 Nd7f8
26.Bf1e2 Ra8d8
27.d4 e4
28.Rc1c2 Rd8b8
29.Bb2c3 Rb8a8
30.a4 b4
31.Bc3d2 Rb6b8
32.Ra1c1 Nf6h7
33.Ng5xh7 Nf8xh7
34.Qd1h1 Rb8d8
35.Qh1h3 f5
36.Rc2c6 Nh7f6
37.Rc1h1 Ra8c8
38.Rh1c1 Qe7d7
39.Be2b5 Rc8xc6
40.Rc1xc6 Rd8c8
41.Rc6a6 Qd7d8
42.Qh3h1 Kh7
43.Qh1d1 Kh6
{ draw }
1/2-1/2

[Event "Match"]
[Site "www.echecsemail.com"]
[Date "2015.12.16"]
[Round "1"]
[White "Ff333"]
[Black "Ssharp"]
[WhiteElo "2030"]
[BlackElo "2250"]
[Result "0-1"]
[Round "1"]
1.e4 e5
2.g3 Nb8c6
3.Bf1g2 Ng8f6
4.Nb1c3 Bf8c5
5.Ng1h3 d6
6.a3 Bc8g4
7.Nc3e2 Nc6d4
8.Nh3g1 Qd8d7
9.f3 Bg4e6
10.Ne2xd4 Bc5xd4
11.Ng1e2 Bd4b6
12.d4 exd4
13.Ne2xd4 Be6h3
14.Bg2f1 Bh3xf1
15.Rh1xf1 Qd7h3
16.Rf1f2 h6
17.Bc1e3 g6
18.c3 O-O-O
19.Qd1d2 Qh3d7
20.O-O-O Kb8
21.Rf2e2 Qd7a4
22.Nd4c2 Bb6xe3
23.Re2xe3 Nf6d7
24.Re3d3 Nd7c5
 { time }
0-1

[Event "Match"]
[Site "www.echecsemail.com"]
[Date "2015.12.16"]
[Round "1"]
[White "Jhw"]
[Black "Joseph1983"]
[WhiteElo "2020"]
[BlackElo "2200"]
[Result "0-1"]
[Round "1"]
1.c4 Ng8f6
2.Nb1c3 g6
3.e4 d6
4.d4 Bf8g7
5.Bf1d3 e5
6.d5 O-O
7.h3 Nb8a6
8.f4 exf4
9.Bc1xf4 Nf6h5
10.Bf4h2 Qd8h4
11.Kd2 Qh4g5
12.Kc2 Qg5xg2
13.Ng1e2 Na6b4
14.Kb3 Nb4xd3
15.Qd1xd3 f5
16.Ra1g1 Qg2f2
17.Nc3b5 a6
18.Ne2d4 axb5
19.Nd4xb5 Qf2xb2

0-1

[Event "Match"]
[Site "www.echecsemail.com"]
[Date "2015.12.16"]
[Round "1"]
[White "Cal"]
[Black "Acucar1"]
[WhiteElo "1179"]
[BlackElo "1770"]
[Result "0-1"]
[Round "1"]
1.c4 e5
2.a3 Nb8c6
3.e3 Ng8f6
4.Nb1c3 d5
5.cxd5 Nf6xd5
6.h3 Bf8e7
7.Bf1b5 Nd5xc3
8.bxc3 Qd8d5
9.c4 Qd5xg2
10.Qd1f3 Qg2g6
11.Ng1e2 e4
12.Qf3f4 O-O
13.Rh1f1 Be7d6
14.Qf4h4 Nc6e5
15.d4 Ne5f3
{ resign }
0-1

[Event "Match"]
[Site "www.echecsemail.com"]
[Date "2015.12.16"]
[Round "1"]
[White "Ericleo1980"]
[Black "Fangshuo"]
[WhiteElo "2280"]
[BlackElo "2170"]
[Result "1-0"]
[Round "1"]
1.e4 e6
2.d4 d5
3.Nb1c3 Ng8e7
4.Bc1g5 c5
5.e5 cxd4
6.Nc3b5 Qd8a5
7.Bg5d2 Qa5b6
8.Nb5d6 Kd7
9.Nd6xf7 Rh8g8
10.Ng1f3 Nb8c6
11.Bf1d3 g6
12.a4 Ne7f5
13.O-O Kc7
14.c3 Bc8d7
15.cxd4 Ra8c8
16.a5 Qb6xb2
17.Ra1b1 Qb2a3
18.Rb1b3 Qa3e7
19.Nf7d6 Nf5xd6
20.exd6 Qe7xd6
21.Qd1b1 Rc8b8
22.g3 Bd7c8
23.Bd2f4 e5
24.Nf3xe5 Qd6e6
25.Ne5xc6 Bf8d6
26.Bf4xd6 Qe6xd6
27.Nc6xb8 Kxb8
28.Qb1b2 Qd6c7
29.Rf1b1 Rg8g7
30.Rb3b5 Qc7d7
31.Bd3f1 Qd7f5
32.Bf1g2 { resign }
1-0

[Event "Match"]
[Site "www.echecsemail.com"]
[Date "2015.12.16"]
[Round "1"]
[White "Glenno"]
[Black "Mitja"]
[WhiteElo "2320"]
[BlackElo "1990"]
[Result "1-0"]
[Round "1"]
1.e4 d5
2.exd5 Qd8xd5
3.Nb1c3 Qd5d8
4.d4 e6
5.Nc3e4 c6
6.Ng1f3 h6
7.Bf1b5 cxb5
8.Qd1d3 a6
9.a4 Bc8d7
10.axb5 Bd7xb5
11.c4 Bb5c6
12.O-O Ng8f6
13.Ne4xf6 Qd8xf6
14.d5 exd5
15.cxd5 Bc6b5
16.Rf1e1 Kd7
17.Nf3e5 Kd8
18.Qd3h3 Bf8d6
19.Bc1g5 hxg5
20.Qh3xh8 Kc7
21.Ne5g4 Qf6g6
22.Ra1c1 Kb6
23.Rc1c8 Ka7
24.Rc8d8 Bd6b4
25.Re1a1 f5
26.Ng4e3 Qg6f6
27.Ne3d1 Bb5e2
28.Rd8g8 Qf6d4
29.Qh8xg7 Qd4xd5
30.Nd1e3 Qd5d2
31.Ne3xf5 Nb8c6
32.Rg8xa8 Kxa8
33.Qg7h8 Nc6b8
34.g3 Bb4c5
35.Qh8c3 Qd2xc3
36.bxc3 Be2g4
37.Nf5d4 Bc5xd4
38.cxd4 Bg4f3
39.Ra1a3 g4
40.h4 Nb8c6
41.Ra3d3 Nc6b4
42.Rd3d2 Kb8
43.h5 Nb4d5
44.h6 Nd5f6
45.d5 Kc7
46.d6 Kd7
47.Rd2d4 { resign }
1-0

[Event "Fast Game"]
[Site "www.echecsemail.com"]
[Date "2015.12.16"]
[Round "1"]
[White "Libiesse"]
[Black "Cal"]
[WhiteElo "1679"]
[BlackElo "1599"]
[Result "1-0"]
[Round "1"]
1.d4 d5
2.c4 dxc4
3.Ng1f3 h6
4.Nb1c3 e6
5.a3 Ng8f6
6.Qd1a4 Nb8c6
7.Qa4xc4 Bf8d6
8.b4 a6
9.e3 Bc8d7
10.Bf1e2 b5
11.Qc4b3 O-O
12.O-O Nc6e7
13.Bc1b2 Bd7c6
14.Ra1c1 Bc6b7
15.Rf1d1 Ra8c8
16.Nf3e5 c6
17.a4 Ne7d5
18.Be2f3 Nd5xc3
19.Rc1xc3 Qd8e7
20.Bb2a3 Bb7a8
21.Ne5xc6 Ba8xc6
22.Rc3xc6 Rc8a8
23.Rc6xd6 Qe7xd6
24.Bf3xa8 Rf8xa8
25.Rd1c1 Nf6e4
26.f3 Ne4g5
27.Qb3c2 Ra8d8
28.h4 Ng5h7
29.Qc2c5 Qd6d5
30.Qc5c7 bxa4
31.Rc1c5 Qd5d7
32.Qc7xd7 Rd8xd7
33.Rc5c8 Nh7f8
34.b5 axb5
35.Rc8xf8 Kh7
36.Rf8c8 f5
37.Rc8c6 e5
38.Rc6c5 exd4
39.exd4 Rd7xd4
40.Rc5xb5 Kg6
41.Rb5b4 Rd4xb4
42.Ba3xb4 h5
43.Kf2 f4
44.Ke2 Kf5
45.Kd3 g5
46.hxg5 Kxg5
47.Ke4 h4
48.Bb4e7 Kg6
49.Kxf4 Kh5
50.Kf5 h3
51.gxh3 { resign }
1-0

[Event "Fast Game"]
[Site "www.echecsemail.com"]
[Date "2015.12.16"]
[Round "1"]
[White "Skarr"]
[Black "Badshahc"]
[WhiteElo "1599"]
[BlackElo "1599"]
[Result "1/2-1/2"]
[Round "1"]
1.d4 Ng8f6
2.c4 g6
3.Nb1c3 Bf8g7
4.e4 d6
5.f3 O-O
6.Bc1e3 a6
7.Qd1d2 c5
8.dxc5 dxc5
9.Qd2xd8 Rf8xd8
10.Be3xc5 Nb8c6
11.Bc5b6 Rd8d6
12.c5 Rd6d4
13.Ng1e2 Rd4d3
14.Ra1b1 Bg7h6
15.Ne2c1 Rd3d2
16.Nc1b3 Rd2c2
17.Kd1 Rc2f2
18.Ke1 Rf2c2
19.Kd1 Rc2f2
20.Ke1 Rf2c2
{ draw }
1/2-1/2

[Event "Tourn. n8517"]
[Site "www.chess-mail.com"]
[Date "2015.12.17"]
[Round "1"]
[White "Faerieking"]
[Black "Masteratches"]
[WhiteElo "2260"]
[BlackElo "2370"]
[Result "0-1"]
[Round "1"]
1.e4 c5
2.d4 cxd4
3.c3 Ng8f6
4.e5 Nf6d5
5.Ng1f3 Nb8c6
6.Bf1c4 Nd5b6
7.Bc4b3 d5
8.cxd4 Bc8g4
9.Bc1e3 e6
10.O-O Bf8e7
11.Nb1d2 Ra8c8
12.Ra1c1 O-O
13.a3 Bg4f5
14.Bb3c2 Bf5xc2
15.Rc1xc2 Qd8d7
16.Qd1e2 Nc6a5
17.Rf1c1 Rc8xc2
18.Rc1xc2 Rf8c8
19.Qe2d3 h6
20.g3 a6
21.Kg2 Rc8xc2
22.Qd3xc2 Na5c4
23.Nf3e1 a5
24.Ne1d3 Qd7c6
25.Qc2c1 Nb6a4
26.Qc1b1 Qc6b5
{ resign }
0-1